Battle for Pakistan; Air War of 1965 (Record no. 301079)
[ view plain ]
| 000 -LEADER | |
|---|---|
| fixed length control field | 00260 a2200109 4500 |
| 001 - CONTROL NUMBER | |
| control field | 66006 |
| 082 ## - DEWEY DECIMAL CLASSIFICATION NUMBER | |
| Classification number | 954.9045FRI |
| 090 ## - LOCALLY ASSIGNED LC-TYPE CALL NUMBER (OCLC); LOCAL CALL NUMBER (RLIN) | |
| -- | 38383 |
| -- | 38383 |
| 100 ## - MAIN ENTRY--PERSONAL NAME | |
| Personal name | Fricker John |
| 245 ## - TITLE STATEMENT | |
| Title | Battle for Pakistan; Air War of 1965 |
| 260 ## - PUBLICATION, DISTRIBUTION, ETC. | |
| Place of publication, distribution, etc. | London |
| Name of publisher, distributor, etc. | Lam Allen Ltd |
| 942 ## - ADDED ENTRY ELEMENTS (KOHA) | |
| Institution code [OBSOLETE] | NUST-CAE |
| Call number prefix | 954.9045FRI |
| Withdrawn status | Lost status | Damaged status | Not for loan | Collection code | Permanent Location | Current Location | Date acquired | Total Checkouts | Full call number | Barcode | Date last seen | Price effective from | Koha item type |
|---|---|---|---|---|---|---|---|---|---|---|---|---|---|
| College of Aeronautical Engineering (CAE) | College of Aeronautical Engineering (CAE) | 04/03/2017 | 954.9045FRI | CAE27886 | 04/05/2017 | 04/05/2017 | Book |
